| 000 | 00509nam a22001457a 4500 | ||
|---|---|---|---|
| 020 | _qHard Cover. | ||
| 100 | _aMazhar Shahzad | ||
| 245 |
_aNumerical Investigation of Boundary Layer Flows and Heat Transfer of Cross Fluid / _cShehzad, Mazhar |
||
| 260 |
_aIslamabad: _bRCMS-NUST, _c2020. |
||
| 300 |
_a53 p. : _bill. ; _c30cm. |
||
| 650 |
_aMS-Computational Science and Engineering . _985216 |
||
| 700 |
_aDr. Ammar Mushtaq _985217 |
||
| 942 |
_2ddc _cTHE |
||
| 999 |
_c586903 _d586903 |
||